000 00748nam a2200277Ia 4500
003 OSt
005 20221005090330.0
006 a|||||r|||| 00| 0
007 ta
008 221004b |||||||| |||| 00| 0 eng d
024 _a54880
037 _cTextual
040 _aCRL
_cCRL
_beng
041 _2eng
_aeng
082 _aT:3, M2
100 _aArkin Marian
_9615171
245 0 _aTutor book
260 _aNew York
_bLongman
_c1982
300 _a312p.
_ccm.
490 _aLongman series in colege composition and communication,1982.
650 _a TEACHING
_934578
650 _aEDUCATION
700 _a Shollar Barbara
_9615172
942 _hT:3, M2
_cTEXL
_2cc
999 _c995618
_d995618